[Event "SVK-ch Seniors"]
[Site "Tatranske Matliare"]
[Date "2008.06.09"]
[Round "2"]
[White "Navratil, Josef"]
[Black "Treybal, Dusan"]
[Result "1-0"]
[WhiteElo "1917"]
[BlackElo "2183"]
[PlyCount "57"]
[EventDate "2008.06.08"]
[EventType "swiss"]
[EventRounds "9"]
[EventCountry "SVK"]
[SourceTitle "EXT 2009"]
[Source "ChessBase"]
[SourceDate "2008.11.26"]
[SourceVersion "1"]
[SourceVersionDate "2008.11.26"]
[SourceQuality "1"]

1. f4 d5 2. Nf3 Nf6 3. e3 g6 4. c3 Bg7 5. Be2 c5 6. Na3 b6 7. 0-0 Bb7 8. Nc2 Nc6 9. Qe1 0-0 10. Qh4 Re8 11. Bb5 a6 12. Be2 e5 13. fxe5 Nxe5 14. Nxe5 Rxe5 15. Bf3 Qe7 16. d4 Rf5 17. g4 Rxf3 18. Rxf3 Qe4 19. Ne1 h5 20. Rxf6 Bxf6 21. Qxf6 Qxg4+ 22. Kf2 Re8 23. Nf3 cxd4 24. cxd4 Rc8 25. Qf4 Rc2+ 26. Bd2 Bc8 27. b4 Bf5 28. Ke1 Qg2 29. Qg3 1-0

[Event "SVK-ch Seniors op"]
[Site "Tatranske Matliare"]
[Date "2007.06.11"]
[Round "3"]
[White "Navratil, Josef"]
[Black "Ruckschloss, Karol"]
[Result "0-1"]
[WhiteElo "1928"]
[BlackElo "2281"]
[PlyCount "90"]
[EventDate "2007.06.10"]
[EventType "swiss"]
[EventRounds "9"]
[EventCountry "SVK"]
[SourceTitle "EXT 2008"]
[Source "ChessBase"]
[SourceDate "2007.11.25"]
[SourceVersion "1"]
[SourceVersionDate "2007.11.25"]
[SourceQuality "1"]

1. g3 e5 2. Nf3 d6 3. d3 f5 4. Bg2 Nf6 5. Nc3 g6 6. e4 c6 7. Bg5 h6 8. Bxf6 Qxf6 9. Nh4 f4 10. Bf3 h5 11. Ng2 Bh3 12. Qe2 Bh6 13. 0-0 Nd7 14. b4 a6 15. a4 0-0 16. b5 axb5 17. axb5 Rxa1 18. Rxa1 fxg3 19. bxc6 bxc6 20. hxg3 Qxf3 21. Qxf3 Rxf3 22. Nh4 Rf6 23. Ra6 Bd2 24. Rxc6 Bxc3 25. Rxc3 g5 26. Ng2 Bxg2 27. Kxg2 Nc5 28. Ra3 Ne6 29. Ra6 g4 30. Ra5 Kf7 31. Ra7+ Kg6 32. Ra8 Nd4 33. Rc8 Nf3 34. Rc6 Ng5 35. Ra6 Nh3 36. f4 gxf3+ 37. Kf1 Kg5 38. c4 f2 39. Rc6 Rf3 40. Rc8 Rxg3 41. Rg8+ Kf4 42. Rxg3 Kxg3 43. d4 Kf3 44. c5 Ng5 45. cxd6 Nxe4 0-1